Statistics for Words that End in X

Click here to take the quiz!

General Stats

  • This quiz has been taken 34,147 times
    (21,724 since last reset)
  • The average score is 13 of 20

Answer Stats

Definition Word % Correct
Opposite of prefixSuffix
91%
Opposite of concaveConvex
89%
CoitusSex
86%
To cast a spell uponHex
85%
Levy owed to the governmentTax
84%
Human organ with no known functionAppendix
79%
Opposite of waneWax
76%
Suitable for either genderUnisex
75%
Depiction of Jesus's crossCrucifix
73%
Shape of a spiral staircase or strand of DNAHelix
72%
Variety of medium-sized wild catLynx
71%
House divided into two apartmentsDuplex
70%
The tailboneCoccyx
63%
One of three divisions of an insect bodyThorax
55%
Has the head of a man and the body of a lionSphinx
51%
Outer layer of the cerebrumCortex
49%
Natural rubber productLatex
49%
Where two lines meet in a polygonVertex
37%
Conforming to traditional religious doctrineOrthodox
34%
Mixture of fat and flourRoux
29%

Score Distribution

Percentile by Number Answered

Percent of People with Each Score

Your Score History

You have not taken this quiz since the last reset